Verrerie de chimie - Statistiques

Statistiques générales
  • Ce quiz a été pris 738 fois
  • Le résultat moyen est 9 sur 16
Statistiques - réponses
Par images Réponse % Correct
bécher
96%
pipette jaugée
87%
erlenmeyer
86%
fiole jaugée
84%
tube à essai
80%
ballon bicol
72%
éprouvette graduée
72%
spatule
69%
agitateur magnétique
57%
burette graduée
57%
chauffe-ballon
51%
ampoule à décanter
50%
cristallisoir
34%
colonne de Vigreux
16%
valet
10%
tube réfrigérant
4%
Aucun quiz correspondant
Distribution des résultats
% des personnes avec chaque résultat
Percentile par nombre de réponses
Votre historique - résultats
Vous n’avez pas pris ce quiz